| 000 | 00461nam a2200193Ia 4500 | ||
|---|---|---|---|
| 005 | 20250423095609.0 | ||
| 008 | 250422s9999 xx 000 0 und d | ||
| 020 | _a9780323091510 | ||
| 050 | _aRT 48 .W55/ | ||
| 100 | _aWilson, Susan Fickertt | ||
| 245 | 0 | _aHealth assessment for nursing practice | |
| 250 | _a5th ed. | ||
| 260 | _aMissouri | ||
| 260 | _bElsevier | ||
| 260 | _c2013 | ||
| 300 | _a606 p | ||
| 650 | _aNursing assessment. | ||
| 942 | _cBK | ||
| 999 |
_c30754 _d30754 |
||